00242nam a2200085Ia 4500001000800000005001700008008004100025245006900066260002100135125336920251031150952.0251031s9999 xx 000 0 und d 0cAHMET ÖZGÜR TÜRENaY-4 ATATÜRK ÜLKESİNE SIĞINANLAR bDESTEK YAYINLARI